000 00315nam a22001337a 4500
008 230619b xxu||||| |||| 00| 0 eng d
020 _a0750623098
082 _a005.8
_bSTE
100 _cMoira Stephen
245 _aAccess for windows 3.1 made simple
260 _boxford
_c1995
300 _a149p
942 _2ddc
_cBK
999 _c1220
_d1220